00464 2200181 4500001002100000005001500021008004100036020002200077035001900099041000700118082001000125090001600135100001000151245004100161260003900202300001400241650002700255INLIS00000000002050620241224115913241224||||||||| | ||| |||| || |  a978-602-229-006-3 0010-1224020506 aid0 a618.2 a618.2 MAR a0 aMarmi00aAsuhan Kebidanan Pada Masa Antenatal aYogyakartabPustaka Pelajar.c2011 a347 hal.; 0aBuku Panduan Kehamilan